000 00688cam a2200193 4500
008 141201n 000 0 eng u
020 _a0793195179
035 _a(Sirsi) a186472
050 _aHD255 LOF 2005
100 _aLoftis, Larry B.
245 _aProfit by investing in real estate tax liens:
_bearn safe, secured, and fixed returns every time/
_cLarry B. Loftis
260 _aNew York: Kaplan Publishing, 2005.
300 _aix, 243 p.:
_bill.
504 _aIncludes index
650 _aReal estates investment -- United States
650 _aTax liens -- United States
650 _aForeclosure -- United States
650 _aReal property -- Purchasing -- United States
999 _c122702
_d122702